00893nam a22002537a 4500001000500000005001700005020001500022040002300037050001400060082001100074100002800085245008200113250004500195260003500240300006000275505000800335520014700343521002000490521002100510650002000531650003300551650001900584700003600603268120240111152430.0 a0590617303 aJQAcJQAdDLCbeng00aPZ7.L8432 a813.541 aLondon, Jonathand1947-10aFroggy gets dressed /cby London, Jonathan : illustrated by Remkiewicz, Frank aFirst Scholastic printing, December 1995 aNew York :bScholastic, c1992 a28 unnumbered pages : bcolor illustrations ; e21 cm . aF  aRambunctious Froggy hops out into the snow for a winter frolic but is called back by his mother to put on some necessary articles of clothing. a300 bLexile  aF bRaz-Plus  1aFrogsxFiction. 1aClothing and dressxFiction. 1aSnowxFiction.1 aRemkiewicz, Frankeillustrator